|
|
|
|
| LEADER |
00000cam a2200000 a 4500 |
| 001 |
UCD4743 |
| 003 |
CL-VaPUC |
| 008 |
160717e19400000cl |||||||||||||||||spa|d |
| 082 |
0 |
4 |
|a 194
|b REN
|2 21
|
| 100 |
0 |
|
|a Renouvier, Charles
|e author
|9 335830
|
| 245 |
1 |
0 |
|a Testamento filosófico: los últimos coloquios
|
| 250 |
|
|
|a 1a. ed
|
| 300 |
|
|
|a 80 p
|
| 942 |
|
|
|c BK
|
| 945 |
|
|
|d 20160717 19:54:00
|a arojas
|
| 260 |
|
|
|a Santiago
|b Ercilla
|c 1940
|
| 650 |
|
7 |
|a TEORIA FILOSOFICA
|2 CL-VaPUC
|9 497750
|
| 650 |
|
0 |
|a Filosofía francesa
|9 255698
|
| 650 |
|
0 |
|a Filósofos franceses
|9 314621
|
| 583 |
|
|
|a last modification
|c 20160717 19:54:00
|k Rodrigo Vera
|
| 999 |
|
|
|c 365595
|d 365593
|
| 952 |
|
|
|0 0
|1 0
|3 erd
|4 0
|6 194_000000000000000_REN_1940
|7 0
|8 P
|9 479480
|a BIBEDU
|b BIBEDU
|c BIBEDU_PB
|e Familia Cárdenas Lailhacar
|i 531609K
|o 194 REN 1940
|p 531609K
|r 2024-01-25
|w 2019-11-24
|y BK
|z Catalogado en:20160717
|k FIL
|